| 000 | 00472nam a2200169 i 4500 | ||
|---|---|---|---|
| 001 | 71491 | ||
| 003 | ES-MaACL | ||
| 005 | 20230906171139.0 | ||
| 007 | t| | ||
| 008 | 040811s1916 sp |||| | cat d | ||
| 100 | 1 |
_aGener, Pompeyo. _956297 |
|
| 245 | 1 | 3 |
_aLa Dona Mediterrania _b: llegendes históriques / _cPompeyo Gener. |
| 260 |
_aBarcelona : _b[Ramón Tobellá], _c1916. |
||
| 300 |
_a2 v. ; _c20 cm. |
||
| 852 |
_aES-MaACL _jF-4324-25 |
||
| 852 |
_aES-MaACL _jC-19693 |
||
| 999 |
_c71491 _d71491 |
||